[Event "NED-chT 1617"]
[Site "Netherlands"]
[Date "2017.05.06"]
[Round "9.4"]
[White "Brandenburg, Daan"]
[Black "Bitalzadeh, Ali"]
[Result "1-0"]
[WhiteElo "2506"]
[BlackElo "2397"]
[PlyCount "91"]
[EventDate "2016.09.17"]
[EventType "team-tourn"]
[EventRounds "9"]
[EventCountry "NED"]
[SourceTitle "EXT 2018"]
[Source "ChessBase"]
[SourceDate "2017.10.13"]
[SourceVersion "1"]
[SourceVersionDate "2017.10.13"]
[SourceQuality "1"]
[WhiteTeam "Groningen Combinatie"]
[BlackTeam "Kennemer Combinatie"]
[WhiteTeamCountry "NED"]
[BlackTeamCountry "NED"]

1. Nf3 g6 2. g3 Bg7 3. Bg2 Nf6 4. 0-0 0-0 5. d4 d6 6. a4 Na6 7. Re1 c5 8. e4 cxd4 9. Nxd4 Bg4 10. Qd2 Qd7 11. Nc3 Bh3 12. Bh1 Rfc8 13. b3 Rc5 14. Nd5 Ne8 15. Bb2 e6 16. Ne3 Rac8 17. Rad1 Nb8 18. Ba3 Rh5 19. Ne2 Bh6 20. Bf3 Rg5 21. Nf4 e5 22. Nxh3 Qxh3 23. Bg2 Qe6 24. h4 Rh5 25. Bf3 Bxe3 26. Qxe3 Rxc2 27. Bxh5 gxh5 28. Qg5+ Kh8 29. Bxd6 Nc6 30. Qf5 Kg7 31. Rd5 Qxf5 32. exf5 Nxd6 33. Rxd6 Nd4 34. f6+ Kg6 35. Kg2 Nf5 36. Rd5 Kxf6 37. Rexe5 Nh6 38. Rxh5 Ng4 39. Rdf5+ Ke6 40. Rf3 h6 41. Rb5 b6 42. a5 Rc6 43. axb6 axb6 44. Kh3 Nf6 45. Rbf5 Ke7 46. g4 1-0

[Event "NED-chT 1617"]
[Site "Netherlands"]
[Date "2017.03.11"]
[Round "7.9"]
[White "Kollen, Zyon"]
[Black "Brandenburg, Daan"]
[Result "1/2-1/2"]
[WhiteElo "2296"]
[BlackElo "2506"]
[PlyCount "221"]
[EventDate "2016.09.17"]
[EventType "team-tourn"]
[EventRounds "9"]
[EventCountry "NED"]
[SourceTitle "EXT 2018"]
[Source "ChessBase"]
[SourceDate "2017.10.13"]
[SourceVersion "1"]
[SourceVersionDate "2017.10.13"]
[SourceQuality "1"]
[WhiteTeam "SISSA"]
[BlackTeam "Groningen Combinatie"]
[WhiteTeamCountry "NED"]
[BlackTeamCountry "NED"]

1. e4 c5 2. Nf3 e6 3. d4 cxd4 4. Nxd4 Nc6 5. Nc3 Qc7 6. Be3 a6 7. Bd3 b5 8. Nxc6 Qxc6 9. 0-0 Bb7 10. Kh1 Nf6 11. f3 Bc5 12. Bxc5 Qxc5 13. Qe1 d6 14. a4 bxa4 15. Rxa4 0-0 16. Qa1 Qb6 17. Qa3 Nd7 18. Be2 a5 19. Rd1 Nc5 20. Rad4 Rfd8 21. e5 d5 22. f4 Bc6 23. Bf3 g6 24. b3 Rdc8 25. Qc1 Qc7 26. Re1 Rab8 27. f5 Ne4 28. Nxe4 dxe4 29. Bxe4 Qxe5 30. Qa1 Bxe4 31. Rd8+ Rxd8 32. Qxe5 exf5 33. Qxa5 Bxc2 34. h4 h5 35. b4 Be4 36. Re2 Rd1+ 37. Kh2 Rb1 38. Rd2 R1xb4 39. Rd8+ Rxd8 40. Qxd8+ Kg7 41. Qe7 Rb7 42. Qe5+ Kh7 43. Qf6 Rd7 44. Kg3 Kg8 45. Kf4 Bxg2 46. Kg5 Kh7 47. Qb2 Bd5 48. Qb8 Rb7 49. Qd6 Bb3 50. Kf6 f4 51. Qxf4 Rb6+ 52. Ke7 Kg8 53. Kd7 Be6+ 54. Kc7 Rb5 55. Kd6 Rb7 56. Qa4 Rd7+ 57. Ke5 Kg7 58. Qa1 Rd5+ 59. Ke4+ Kh7 60. Qf6 Rf5 61. Qd8 Kg7 62. Qd4+ f6 63. Qd6 Bf7 64. Qg3 Ra5 65. Qh2 Ra2 66. Qh1 Ra4+ 67. Ke3 Ra2 68. Qd1 Rg2 69. Qh1 Rg3+ 70. Kf2 Rg4 71. Qh2 Rc4 72. Qh3 Rf4+ 73. Ke3 Rg4 74. Qh1 Rg3+ 75. Kf2 Rg4 76. Ke3 Rb4 77. Kf2 Ra4 78. Ke3 g5 79. hxg5 fxg5 80. Qg2 Ra3+ 81. Ke4 Bg6+ 82. Kd5 Rd3+ 83. Ke5 Re3+ 84. Kd4 Re4+ 85. Kd5 g4 86. Qb2+ Kh7 87. Qb7+ Kh6 88. Qb8 Re8 89. Qf4+ Kg7 90. Qg5 Rf8 91. Qe7+ Rf7 92. Qe5+ Kh7 93. Qg3 Rf3 94. Qc7+ Kg8 95. Ke5 g3 96. Qb8+ Kh7 97. Qb7+ Rf7 98. Qg2 Rf5+ 99. Ke6 h4 100. Qh1 Rf4 101. Ke5 Rg4 102. Kf6 Be4 103. Qd1 Rg6+ 104. Kf7 Rg7+ 105. Kf6 Bg6 106. Qg4 Rf7+ 107. Kg5 Rf5+ 108. Kxh4 Kh6 109. Kxg3 Rg5 110. Kh4 Rxg4+ 111. Kxg4 1/2-1/2

[Event "NED-chT 1617"]
[Site "Netherlands"]
[Date "2016.12.17"]
[Round "5.7"]
[White "Van de Griendt, Jan Willem"]
[Black "Brandenburg, Daan"]
[Result "1/2-1/2"]
[WhiteElo "2362"]
[BlackElo "2506"]
[PlyCount "107"]
[EventDate "2016.09.17"]
[EventType "team-tourn"]
[EventRounds "9"]
[EventCountry "NED"]
[SourceTitle "EXT 2018"]
[Source "ChessBase"]
[SourceDate "2017.10.13"]
[SourceVersion "1"]
[SourceVersionDate "2017.10.13"]
[SourceQuality "1"]
[WhiteTeam "En Passant"]
[BlackTeam "Groningen Combinatie"]
[WhiteTeamCountry "NED"]
[BlackTeamCountry "NED"]

1. d4 Nf6 2. c4 c5 3. d5 b5 4. cxb5 a6 5. e3 axb5 6. Bxb5 Qa5+ 7. Nc3 Bb7 8. Bd2 Qb6 9. a4 Nxd5 10. Nxd5 Bxd5 11. Nf3 e6 12. Bc3 Qb7 13. 0-0 Be7 14. Re1 0-0 15. Nd2 f5 16. e4 fxe4 17. Qg4 Bf6 18. Nxe4 Bxe4 19. Qxe4 Qxe4 20. Rxe4 Kf7 21. Bxf6 gxf6 22. Rc1 d6 23. Rh4 Kg7 24. b4 Na6 25. bxc5 Nxc5 26. Rc3 f5 27. Rch3 Rh8 28. g4 f4 29. g5 Raf8 30. Bd3 Nxd3 31. Rxd3 d5 32. Rh6 Rf5 33. Rxe6 Rxg5+ 34. Kf1 Ra8 35. Rd4 f3 36. Rf4 Ra7 37. Re3 Rg6 38. Rexf3 h6 39. Rg3 Kh7 40. Rxg6 Kxg6 41. Ke2 Kg5 42. Rd4 Kf6 43. Kd3 Ke5 44. Rh4 Ra6 45. Ke3 Kf5 46. Rb4 Ke5 47. f4+ Kf5 48. h3 h5 49. Kd4 Ra5 50. Kc3 Ra8 51. Rd4 Ke6 52. Rb4 Kf5 53. Rd4 Ke6 54. Rb4 1/2-1/2

[Event "Dieren op"]
[Site "Dieren"]
[Date "2015.07.28"]
[Round "7"]
[White "Brandenburg, Daan"]
[Black "Maris, Ivo"]
[Result "1-0"]
[WhiteElo "2511"]
[BlackElo "2262"]
[PlyCount "133"]
[EventDate "2015.07.21"]
[EventType "swiss"]
[EventRounds "9"]
[EventCountry "NED"]
[SourceTitle "CBM 167 Extra"]
[Source "ChessBase"]
[SourceDate "2015.09.14"]
[SourceVersion "1"]
[SourceVersionDate "2015.09.14"]
[SourceQuality "1"]

1. e4 c6 2. d4 Na6 3. c3 Nc7 4. Bd3 d5 5. e5 g6 6. h3 h5 7. Nf3 Nh6 8. Nbd2 Bf5 9. Nf1 Bxd3 10. Qxd3 Nf5 11. Ng3 e6 12. Ne2 Be7 13. g3 g5 14. Kf1 Kd7 15. Bd2 Qg8 16. Neg1 g4 17. Nh2 c5 18. Bf4 Rc8 19. dxc5 Bxc5 20. h4 Qg6 21. Rd1 Ne7 22. Ne2 Qxd3 23. Rxd3 Ng6 24. f3 f6 25. exf6 e5 26. Be3 gxf3 27. Bxc5 fxe2+ 28. Kxe2 e4 29. Rdd1 b6 30. Be3 Ke6 31. Bg5 Ne5 32. Nf1 Nd3 33. Rb1 Ne8 34. Ne3 Rf8 35. Rhf1 Nxf6 36. Bxf6 Rxf6 37. Rxf6+ Kxf6 38. Nxd5+ Ke6 39. Ne3 Rf8 40. Nc4 b5 41. Nd2 Ke5 42. Ke3 Nf2 43. Rf1 Ng4+ 44. Ke2 Rg8 45. Rf7 Nf6 46. Nf1 a6 47. Re7+ Kd6 48. Ra7 Ke5 49. Rxa6 Ng4 50. Rb6 Rf8 51. Rxb5+ Ke6 52. Rb6+ Ke5 53. Rb5+ Ke6 54. a4 Rf2+ 55. Ke1 Rg2 56. a5 Ne5 57. Rb6+ Kd7 58. Ne3 Nd3+ 59. Kf1 Rf2+ 60. Kg1 Re2 61. Ng2 e3 62. Nf4 Re1+ 63. Kg2 Ne5 64. Rb5 Ng4 65. Rxh5 e2 66. Kf3 Nh2+ 67. Kf2 1-0

[Event "Dieren op"]
[Site "Dieren"]
[Date "2015.07.22"]
[Round "2"]
[White "Lopez, Jasel"]
[Black "Brandenburg, Daan"]
[Result "0-1"]
[WhiteElo "2210"]
[BlackElo "2511"]
[PlyCount "140"]
[EventDate "2015.07.21"]
[EventType "swiss"]
[EventRounds "9"]
[EventCountry "NED"]
[SourceTitle "CBM 167 Extra"]
[Source "ChessBase"]
[SourceDate "2015.09.14"]
[SourceVersion "1"]
[SourceVersionDate "2015.09.14"]
[SourceQuality "1"]

1. d4 Nf6 2. c4 c5 3. d5 b5 4. cxb5 a6 5. bxa6 g6 6. Nc3 Bg7 7. Nf3 0-0 8. e4 Qa5 9. Nd2 Bxa6 10. Be2 d6 11. 0-0 Bxe2 12. Qxe2 Nbd7 13. Nc4 Qa6 14. a4 Rfb8 15. Ra3 Rb4 16. Nb5 Nb6 17. b3 Qb7 18. Qc2 Nxc4 19. bxc4 Nd7 20. a5 Ne5 21. Ra4 Qc8 22. Be3 Rb2 23. Qc1 Qb7 24. Qxb2 Nf3+ 25. gxf3 Bxb2 26. Rb1 Bf6 27. Rb3 Qc8 28. a6 Rxa6 29. Na7 Rxa7 30. Rxa7 Kg7 31. Kg2 g5 32. Rbb7 Kg6 33. Rc7 Qb8 34. Rcb7 Qc8 35. Rc7 Qb8 36. Rab7 Qa8 37. e5 Bxe5 38. Rxe7 Qa6 39. Rxf7 Qxc4 40. Rxh7 Qxd5 41. h4 g4 42. h5+ Kf5 43. Rhf7+ Bf6 44. h6 gxf3+ 45. Kg3 Kg6 46. Rxf6+ Kxf6 47. h7 Qh5 48. Bc1 Kf5 49. Rf7+ Qxf7 50. h8Q Qg6+ 51. Kxf3 Qg4+ 52. Ke3 Qf4+ 53. Kd3 Qxc1 54. Qf8+ Kg4 55. Ke2 Qc4+ 56. Ke3 Qd4+ 57. Ke2 Qe5+ 58. Kf1 Qf4 59. Qg8+ Kf5 60. Qd5+ Kf6 61. f3 c4 62. Qa8 Ke5 63. Ke2 Qf5 64. Qh8+ Qf6 65. Qb8 Kf4 66. Qb6 Qe6+ 67. Kf2 Qe5 68. Qc6 Qe3+ 69. Kg2 Qd2+ 70. Kg1 Kg3 0-1

[Event "NED CupT"]
[Site "Haren"]
[Date "2015.05.14"]
[Round "2.2"]
[White "Brandenburg, Daan"]
[Black "Dambacher, Martijn"]
[Result "1/2-1/2"]
[WhiteElo "2511"]
[BlackElo "2483"]
[PlyCount "84"]
[EventDate "2015.05.14"]
[EventType "team-k.o."]
[EventRounds "2"]
[EventCountry "NED"]
[SourceTitle "CBM 166 Extra"]
[Source "ChessBase"]
[SourceDate "2015.06.18"]
[SourceVersion "1"]
[SourceVersionDate "2015.06.18"]
[SourceQuality "1"]
[WhiteTeam "Groningen"]
[BlackTeam "Calder HMC"]
[WhiteTeamCountry "NED"]
[BlackTeamCountry "NED"]

1. e4 e5 2. Nf3 Nc6 3. Bc4 Bc5 4. c3 Nf6 5. d3 a6 6. Bb3 Ba7 7. Nbd2 0-0 8. 0-0 d6 9. h3 Be6 10. Re1 Re8 11. Nf1 h6 12. Ng3 d5 13. Qe2 Qd7 14. Bc2 Rad8 15. Kh2 dxe4 16. dxe4 Kh7 17. Be3 Bxe3 18. Qxe3 Qe7 19. Ba4 b5 20. Bb3 Na5 21. Bxe6 Qxe6 22. b3 g6 23. Rad1 Rxd1 24. Rxd1 Nb7 25. Ne1 Kg7 26. Nc2 a5 27. f3 a4 28. c4 axb3 29. Qxb3 Qxc4 30. Qxc4 bxc4 31. Ne3 Nd6 32. Rc1 Ra8 33. Nxc4 Nxc4 34. Rxc4 Rxa2 35. Rxc7 Nh7 36. h4 Nf8 37. Nf1 Ne6 38. Rd7 Nd4 39. Kg1 Ne2+ 40. Kh2 Nd4 41. Kg1 Ne2+ 42. Kh2 Nd4 1/2-1/2

[Event "NED-chT 1415"]
[Site "Netherlands"]
[Date "2015.03.07"]
[Round "6.3"]
[White "Brandenburg, Daan"]
[Black "Burg, Twan"]
[Result "1/2-1/2"]
[WhiteElo "2534"]
[BlackElo "2523"]
[PlyCount "92"]
[EventDate "2014.09.27"]
[EventType "team-tourn"]
[EventRounds "9"]
[EventCountry "NED"]
[SourceTitle "EXT 2016"]
[Source "ChessBase"]
[SourceDate "2015.10.08"]
[SourceVersion "1"]
[SourceVersionDate "2015.10.08"]
[SourceQuality "1"]
[WhiteTeam "Groningen"]
[BlackTeam "Calder HMC"]
[WhiteTeamCountry "NED"]
[BlackTeamCountry "NED"]

1. e4 c5 2. Nf3 d6 3. c3 Nf6 4. h3 Nbd7 5. Bd3 b6 6. 0-0 Bb7 7. Re1 Rc8 8. Bc2 Qc7 9. Na3 a6 10. d4 e6 11. d5 e5 12. Nc4 b5 13. Ne3 g6 14. c4 b4 15. Ng4 Bg7 16. Bh6 Nxg4 17. Bxg7 Rg8 18. hxg4 Rxg7 19. g3 h6 20. Kg2 Ke7 21. Rh1 Rh8 22. Qd2 Rgh7 23. g5 hxg5 24. Qxg5+ Ke8 25. Ba4 Kf8 26. Bxd7 Qxd7 27. Qf6 Rxh1 28. Rxh1 Rxh1 29. Kxh1 Bc8 30. Ng5 Kg8 31. Kg1 a5 32. b3 a4 33. Kf1 Ba6 34. Ke1 a3 35. Kd2 Bxc4 36. bxc4 b3 37. Qf3 Qe7 38. Nh3 Qb7 39. axb3 Qb4+ 40. Kc2 Qe1 41. Ng5 f5 42. Qc3 Qf1 43. Qa5 Qxf2+ 44. Kd1 Qf1+ 45. Kd2 Qf2+ 46. Kd1 Qf1+ 1/2-1/2

[Event "Groningen op 52nd"]
[Site "Groningen"]
[Date "2014.12.30"]
[Round "9"]
[White "Brandenburg, Daan"]
[Black "Wempe, Joost"]
[Result "0-1"]
[WhiteElo "2530"]
[BlackElo "2262"]
[PlyCount "128"]
[EventDate "2014.12.21"]
[EventType "swiss"]
[EventRounds "9"]
[EventCountry "NED"]
[SourceTitle "EXT 2016"]
[Source "ChessBase"]
[SourceDate "2015.10.08"]
[SourceVersion "1"]
[SourceVersionDate "2015.10.08"]
[SourceQuality "1"]

1. e4 e6 2. d4 d5 3. Nd2 Nf6 4. e5 Nfd7 5. c3 c5 6. Bd3 Nc6 7. Ne2 cxd4 8. cxd4 f6 9. exf6 Nxf6 10. 0-0 Bd6 11. Nf3 Qc7 12. Bd2 0-0 13. Rc1 Bd7 14. Ng3 Qb6 15. Bc3 Bf4 16. Rc2 Nb4 17. Bxb4 Qxb4 18. Ne2 Bd6 19. Nc3 a5 20. a3 Qb3 21. Re1 Rac8 22. h3 Rc7 23. Qd2 Rfc8 24. Rec1 g6 25. Qh6 Bf8 26. Qe3 Nh5 27. g4 Nf6 28. Qf4 Be7 29. Ne5 Be8 30. g5 Nh5 31. Qg4 Qb6 32. h4 Ng7 33. Qf4 Nh5 34. Qe3 Bf8 35. Ng4 Bd7 36. Be2 Qd6 37. Ne5 Ba4 38. Bxh5 Bxc2 39. Rxc2 gxh5 40. Nb5 Qe7 41. Nxc7 Rxc7 42. Rxc7 Qxc7 43. Nd3 Qf7 44. Nf4 Bd6 45. Nxe6 Qf5 46. Nc5 Kf7 47. Nd3 Qg4+ 48. Kf1 Qxh4 49. Qf3+ Ke6 50. Qf6+ Kd7 51. Qf5+ Kc6 52. Qc8+ Kb6 53. Nc5 Qxd4 54. Nd7+ Ka7 55. Nf6 Qxb2 56. Qf5 Qe5 57. Qxe5 Bxe5 58. Nxh7 b5 59. g6 b4 60. axb4 a4 61. f4 Bh8 62. f5 a3 63. f6 a2 64. g7 Bxg7 0-1

[Event "Groningen op 52nd"]
[Site "Groningen"]
[Date "2014.12.29"]
[Round "8"]
[White "Wacker, Peter"]
[Black "Brandenburg, Daan"]
[Result "1/2-1/2"]
[WhiteElo "2305"]
[BlackElo "2530"]
[PlyCount "129"]
[EventDate "2014.12.21"]
[EventType "swiss"]
[EventRounds "9"]
[EventCountry "NED"]
[SourceTitle "EXT 2016"]
[Source "ChessBase"]
[SourceDate "2015.10.08"]
[SourceVersion "1"]
[SourceVersionDate "2015.10.08"]
[SourceQuality "1"]

1. e4 c5 2. Nf3 e6 3. b3 Nc6 4. Bb2 Nf6 5. e5 Nd5 6. Bb5 Qc7 7. 0-0 Be7 8. Re1 0-0 9. Nc3 Nxc3 10. Bxc3 a6 11. Bd3 f5 12. exf6 Bxf6 13. Bxf6 Rxf6 14. Ng5 g6 15. Ne4 Rf8 16. Qg4 d5 17. Nxc5 e5 18. Qg3 Qe7 19. Na4 Bf5 20. c4 Bxd3 21. Qxd3 Rad8 22. cxd5 Qf7 23. Qe3 Rxd5 24. Nb6 Rd4 25. Re2 Rf4 26. d3 Nd4 27. Rd2 Rg4 28. Kh1 Qe6 29. Nc4 Qd5 30. Rg1 Nc6 31. Qe2 Rd4 32. Re1 Rd8 33. h3 Kg7 34. Qe3 Re8 35. Qg3 Rf4 36. Rde2 Qd4 37. Qe3 b5 38. Qxd4 Nxd4 39. Rxe5 Rxe5 40. Nxe5 Rxf2 41. a4 Nxb3 42. axb5 axb5 43. Rb1 Nd4 44. Rb4 Rf5 45. Rxd4 Rxe5 46. Rd7+ Kf6 47. Rb7 h5 48. Kg1 h4 49. Kf2 Rf5+ 50. Ke3 Rg5 51. Kf3 Ke6 52. Rh7 Rg3+ 53. Kf2 Rxd3 54. Rxh4 Rb3 55. Rd4 b4 56. Rd8 Rb1 57. Kg3 Rc1 58. Rb8 Rc4 59. Rb6+ Kf5 60. Rb5+ Kf6 61. Kf3 Rc3+ 62. Kf4 b3 63. Rb6+ Kg7 64. h4 Rc4+ 65. Kf3 1/2-1/2

[Event "Groningen op 52nd"]
[Site "Groningen"]
[Date "2014.12.24"]
[Round "4"]
[White "Donchenko, Alexander"]
[Black "Brandenburg, Daan"]
[Result "1-0"]
[WhiteElo "2523"]
[BlackElo "2530"]
[PlyCount "77"]
[EventDate "2014.12.21"]
[EventType "swiss"]
[EventRounds "9"]
[EventCountry "NED"]
[SourceTitle "CBM 164 Extra"]
[Source "ChessBase"]
[SourceDate "2015.03.02"]
[SourceVersion "1"]
[SourceVersionDate "2015.03.02"]
[SourceQuality "1"]

1. d4 Nf6 2. c4 g6 3. g3 Bg7 4. Bg2 0-0 5. Nf3 d6 6. 0-0 Nbd7 7. Nc3 e5 8. e4 a6 9. Qc2 exd4 10. Nxd4 Re8 11. Rd1 Rb8 12. a4 a5 13. Ndb5 Ne5 14. Qe2 Bd7 15. c5 d5 16. Bg5 dxe4 17. Nxe4 Bxb5 18. axb5 Qe7 19. Bxf6 Bxf6 20. f4 Bg7 21. fxe5 Qxe5 22. Rxa5 Rbd8 23. Raa1 Rd4 24. Rxd4 Qxd4+ 25. Kh1 Rd8 26. Rf1 h6 27. Qf2 Qc4 28. b6 cxb6 29. Nd6 Qb3 30. Nxb7 Rd1 31. c6 Bd4 32. Qe2 Rxf1+ 33. Bxf1 Qd5+ 34. Bg2 Qg5 35. Nd6 Be5 36. Bd5 Kg7 37. Nxf7 Qc1+ 38. Kg2 Bd4 39. Nd6 1-0

[Event "Groningen op 52nd"]
[Site "Groningen"]
[Date "2014.12.23"]
[Round "3"]
[White "Brandenburg, Daan"]
[Black "Mohammad, Nubairshah Shaikh"]
[Result "1-0"]
[WhiteElo "2530"]
[BlackElo "2275"]
[PlyCount "65"]
[EventDate "2014.12.21"]
[EventType "swiss"]
[EventRounds "9"]
[EventCountry "NED"]
[SourceTitle "CBM 164 Extra"]
[Source "ChessBase"]
[SourceDate "2015.03.02"]
[SourceVersion "1"]
[SourceVersionDate "2015.03.02"]
[SourceQuality "1"]

1. e4 c6 2. d4 d5 3. e5 c5 4. dxc5 e6 5. a3 Nc6 6. Nf3 Bxc5 7. b4 Bb6 8. Bb2 Nge7 9. Bd3 Ng6 10. g3 f5 11. 0-0 0-0 12. Qe2 Bc7 13. b5 Na5 14. Nbd2 a6 15. a4 axb5 16. axb5 Bd7 17. Rfd1 Qb8 18. Bd4 b6 19. Rab1 Rd8 20. c4 dxc4 21. Nxc4 h6 22. Nxa5 Rxa5 23. Bc4 Kf7 24. Bc3 Ra8 25. Rxd7+ Rxd7 26. Bxe6+ Kxe6 27. Qc4+ Ke7 28. Bb4+ Rd6 29. Rd1 Kf8 30. exd6 Bd8 31. Qe6 Ra4 32. d7+ Ne7 33. Ne5 1-0

[Event "NED-chT 1112"]
[Site "Netherlands"]
[Date "2012.04.22"]
[Round "9.4"]
[White "Sielecki, Christof"]
[Black "Brandenburg, Daan"]
[Result "0-1"]
[WhiteElo "2391"]
[BlackElo "2522"]
[PlyCount "78"]
[EventDate "2011.09.17"]
[EventType "team-tourn"]
[EventRounds "9"]
[EventCountry "NED"]
[SourceTitle "EXT 2013"]
[Source "ChessBase"]
[SourceDate "2012.11.22"]
[SourceVersion "1"]
[SourceVersionDate "2012.11.22"]
[SourceQuality "1"]
[WhiteTeam "Voerendaal"]
[BlackTeam "Groningen"]
[WhiteTeamCountry "NED"]
[BlackTeamCountry "NED"]

1. Nf3 d5 2. c4 e6 3. g3 Nf6 4. Bg2 Be7 5. 0-0 0-0 6. b3 c5 7. e3 Nc6 8. Bb2 b6 9. Nc3 dxc4 10. bxc4 Bb7 11. Qe2 a6 12. Rad1 Qc7 13. Ne1 Rfd8 14. f4 Nb4 15. g4 Bxg2 16. Qxg2 Ne8 17. f5 Qc6 18. Qe2 Qd7 19. Ne4 Nd6 20. Ng3 Ne8 21. Nh5 exf5 22. gxf5 Bf6 23. d4 b5 24. Qg2 bxc4 25. Nxf6+ Nxf6 26. e4 cxd4 27. Bxd4 Qc6 28. Nf3 Nd3 29. Kh1 Ne8 30. e5 Rab8 31. e6 f6 32. Bc3 Qe4 33. Nd2 Qxg2+ 34. Kxg2 Nd6 35. a4 Nc5 36. Ba5 Rdc8 37. Rf4 Nd3 38. Rf3 Rc5 39. Bc3 Nxf5 0-1

[Event "Bundesliga 1112"]
[Site "Germany"]
[Date "2012.03.18"]
[Round "13.6"]
[White "Naiditsch, Arkadij"]
[Black "Brandenburg, Daan"]
[Result "1/2-1/2"]
[WhiteElo "2707"]
[BlackElo "2522"]
[PlyCount "109"]
[EventDate "2011.10.14"]
[EventType "team-tourn"]
[EventRounds "15"]
[EventCountry "GER"]
[SourceTitle "CBM 148"]
[Source "ChessBase"]
[SourceDate "2012.05.16"]
[SourceVersion "1"]
[SourceVersionDate "2012.05.16"]
[SourceQuality "1"]
[WhiteTeam "Baden-Baden"]
[BlackTeam "Emsdetten Turm"]
[WhiteTeamCountry "GER"]
[BlackTeamCountry "GER"]

1. Nf3 d5 2. g3 Nf6 3. Bg2 e6 4. 0-0 Be7 5. d3 0-0 6. Nbd2 c5 7. e4 Nc6 8. e5 Nd7 9. Re1 b5 10. Nf1 a5 11. h4 b4 12. N1h2 Ba6 13. Bf4 Rc8 14. Bh3 Kh8 15. Ng5 Qe8 16. Rc1 Nb6 17. Ng4 Na4 18. Rb1 c4 19. dxc4 Bxc4 20. Ne3 Nc5 21. Nxc4 dxc4 22. Qh5 Bxg5 23. Bxg5 Nd4 24. Qd1 Qd7 25. c3 Nc6 26. Qd6 Qxd6 27. exd6 h6 28. cxb4 axb4 29. Be3 Nd3 30. Red1 Rfd8 31. b3 Rxd6 32. bxc4 Nce5 33. c5 Rd7 34. Bf1 Nxc5 35. Rdc1 Rdc7 36. Rxb4 Ned3 37. Bxd3 Nxd3 38. Rxc7 Rxc7 39. Rb8+ Kh7 40. a4 Rc4 41. Rb3 Nb4 42. a5 Nc2 43. Bd2 Ra4 44. Kg2 Ra2 45. Rb7 Kg8 46. Ra7 Nd4 47. Bc3 Nb5 48. Ra8+ Kh7 49. Be1 Kg6 50. g4 h5 51. Rb8 Nd4 52. Bc3 e5 53. g5 f6 54. gxf6 gxf6 55. Bxd4 1/2-1/2

[Event "Bundesliga 1112"]
[Site "Germany"]
[Date "2012.03.17"]
[Round "12.6"]
[White "Brandenburg, Daan"]
[Black "Seger, Ruediger"]
[Result "1-0"]
[WhiteElo "2522"]
[BlackElo "2390"]
[PlyCount "89"]
[EventDate "2011.10.14"]
[EventType "team-tourn"]
[EventRounds "15"]
[EventCountry "GER"]
[SourceTitle "CBM 148"]
[Source "ChessBase"]
[SourceDate "2012.05.16"]
[SourceVersion "1"]
[SourceVersionDate "2012.05.16"]
[SourceQuality "1"]
[WhiteTeam "Emsdetten Turm"]
[BlackTeam "Trier"]
[WhiteTeamCountry "GER"]
[BlackTeamCountry "GER"]

1. e4 c6 2. d4 d5 3. Nc3 dxe4 4. Nxe4 Bf5 5. Ng3 Bg6 6. Nh3 e6 7. Nf4 Bd6 8. Bc4 Nf6 9. c3 Nbd7 10. Qf3 Nb6 11. Bb3 Nbd5 12. Nxg6 hxg6 13. Bg5 Be7 14. 0-0-0 b5 15. h4 Rc8 16. Kb1 a5 17. a3 a4 18. Ba2 Qc7 19. Rde1 Rd8 20. Ka1 Kf8 21. Bb1 Kg8 22. Bc1 Bd6 23. Ne4 Bf4 24. g3 Bxc1 25. Rxc1 Nxe4 26. Bxe4 Ne7 27. h5 g5 28. Qe3 f6 29. Bg6 Rd6 30. f4 g4 31. f5 Qd7 32. fxe6 Rxe6 33. Qf4 Nxg6 34. hxg6 Rxh1 35. Rxh1 Re8 36. Qf2 Qd5 37. Qh2 Kf8 38. Rf1 Re3 39. Rxf6+ Ke7 40. Rf1 Qe6 41. Qh4+ Kd6 42. Qd8+ Qd7 43. Qg5 Re7 44. Qc5+ Kc7 45. d5 1-0

[Event "Tata Steel-C 74th"]
[Site "Wijk aan Zee"]
[Date "2012.01.27"]
[Round "11"]
[White "Turov, Maxim"]
[Black "Brandenburg, Daan"]
[Result "1/2-1/2"]
[WhiteElo "2645"]
[BlackElo "2527"]
[PlyCount "88"]
[EventDate "2012.01.14"]
[EventType "tourn"]
[EventRounds "13"]
[EventCountry "NED"]
[EventCategory "9"]
[SourceTitle "CBM 147"]
[Source "ChessBase"]
[SourceDate "2012.03.16"]
[SourceVersion "1"]
[SourceVersionDate "2012.03.16"]
[SourceQuality "1"]

1. c4 e5 2. Nc3 Nf6 3. g3 d5 4. cxd5 Nxd5 5. Bg2 Nb6 6. e3 Be7 7. Nge2 0-0 8. 0-0 f5 9. d4 exd4 10. exd4 Bf6 11. d5 N8d7 12. Nf4 Ne5 13. Re1 Re8 14. Nh5 Bd7 15. Nxf6+ Qxf6 16. b3 Ng4 17. Bd2 Qd4 18. Rxe8+ Rxe8 19. Be1 Qe5 20. Qd2 Nf6 21. Rd1 f4 22. h3 Qh5 23. g4 Nxg4 24. Qxf4 Ne5 25. Qg3 Rf8 26. f4 Ng6 27. Qg5 Nxf4 28. Qxh5 Nxh5 29. Ne2 Re8 30. Kf2 Rf8+ 31. Kg1 Re8 32. Kf2 Nf6 33. Nc3 Kf7 34. Bd2 c6 35. dxc6 Bxc6 36. Bf1 Rd8 37. Be2 h6 38. Be3 Rxd1 39. Bxd1 Nbd5 40. Nxd5 Nxd5 41. Bxa7 Nc3 42. Bh5+ g6 43. Be2 Bd5 44. Be3 Nxe2 1/2-1/2

[Event "Tata Steel-C 74th"]
[Site "Wijk aan Zee"]
[Date "2012.01.25"]
[Round "10"]
[White "Brandenburg, Daan"]
[Black "Danielian, Elina"]
[Result "1-0"]
[WhiteElo "2527"]
[BlackElo "2490"]
[PlyCount "97"]
[EventDate "2012.01.14"]
[EventType "tourn"]
[EventRounds "13"]
[EventCountry "NED"]
[EventCategory "9"]
[SourceTitle "CBM 147"]
[Source "ChessBase"]
[SourceDate "2012.03.16"]
[SourceVersion "1"]
[SourceVersionDate "2012.03.16"]
[SourceQuality "1"]

1. e4 c6 2. d4 d5 3. Nc3 dxe4 4. Nxe4 Bf5 5. Ng3 Bg6 6. Nh3 e6 7. Nf4 Bd6 8. Bc4 Nf6 9. c3 Nbd7 10. Qf3 Nb6 11. Bb3 a5 12. a3 a4 13. Ba2 Nbd5 14. Nxg6 hxg6 15. Bg5 b5 16. 0-0-0 Qc7 17. Kb1 Nd7 18. Rde1 N7b6 19. h4 Bf4 20. Ne4 Bxg5 21. hxg5 Ke7 22. g3 Rae8 23. Nc5 Qb8 24. Rxh8 Rxh8 25. Nd3 Qe8 26. Ne5 f6 27. Nd3 Kd6 28. g4 Kc7 29. Qg3+ Kc8 30. Nc5 e5 31. dxe5 fxe5 32. Rxe5 Rh1+ 33. Kc2 Qf8 34. Bxd5 Nxd5 35. Nd3 Qf7 36. Kd2 Nb6 37. Ke2 Nc4 38. Qg2 Nxe5 39. Qxh1 Qc4 40. Qh8+ Kc7 41. Qxg7+ Nf7 42. f3 Qe6+ 43. Kf2 Qd5 44. Qxg6 Nxg5 45. Qg7+ Kc8 46. Qf8+ Kb7 47. Qf5 Qd8 48. Ke3 Nh3 49. Qh7+ 1-0

[Event "Tata Steel-C 74th"]
[Site "Wijk aan Zee"]
[Date "2012.01.24"]
[Round "9"]
[White "Goudriaan, Etienne"]
[Black "Brandenburg, Daan"]
[Result "1/2-1/2"]
[WhiteElo "2279"]
[BlackElo "2527"]
[PlyCount "105"]
[EventDate "2012.01.14"]
[EventType "tourn"]
[EventRounds "13"]
[EventCountry "NED"]
[EventCategory "9"]
[SourceTitle "CBM 147"]
[Source "ChessBase"]
[SourceDate "2012.03.16"]
[SourceVersion "1"]
[SourceVersionDate "2012.03.16"]
[SourceQuality "1"]

1. e4 e5 2. Nf3 Nc6 3. Bb5 a6 4. Ba4 Nf6 5. 0-0 b5 6. Bb3 Bc5 7. c3 d6 8. a4 Rb8 9. axb5 axb5 10. d3 h6 11. Be3 0-0 12. d4 Bb6 13. Nbd2 exd4 14. cxd4 d5 15. Ne5 Nxe5 16. dxe5 Nxe4 17. Nxe4 dxe4 18. Bxb6 Rxb6 19. Rc1 Qg5 20. f4 exf3 21. Qxf3 Qxe5 22. Bxf7+ Kh8 23. Qc3 Qxc3 24. Rxc3 c6 25. Bg6 Rxf1+ 26. Kxf1 Bd7 27. h4 Be6 28. Be4 Bd7 29. Bg6 Rb8 30. Re3 Kg8 31. h5 c5 32. Re7 Rd8 33. Kf2 c4 34. Ke3 Kf8 35. Rf7+ Kg8 36. Re7 Bc6 37. g3 Rd6 38. Kf4 Bd7 39. Ke3 b4 40. Re5 Re6 41. Rxe6 Bxe6 42. Kd4 Kf8 43. Kc5 c3 44. bxc3 bxc3 45. Kd4 Bf7 46. Be4 Bxh5 47. Kxc3 Ke7 48. Kd4 Kf6 49. Ke3 Ke5 50. Bb7 Bg4 51. Bc6 Be6 52. Bf3 Bd5 53. Bg4 1/2-1/2